000 01174nam a2200301 i 4500
001 185434
003 ES-MaACL
005 20250930063158.0
008 160603s1979 xxua |||| | eng d
020 _a0-486-23701-X
080 _a514.172.2
080 _a7:51
080 _a502(0:7)
100 1 _aCook, Theodore Andrea,
_d1867-1928
_9159752
245 1 4 _aThe curves of life
_b: being an account of spiral formations and their application to growth in nature, to science, and to art : with special reference to the manuscripts of Leonardo da Vinci /
_cby Theodore Andrea Cook.
260 _aNew York :
_bDover Publications,
_c1979.
300 _aXXX, 479 p. :
_bil. ;
_c22 cm.
490 1 _aDover science books
500 _aÍndices.
595 _a[Reed. íntegra de la publ. en Londres: Constable and Company, 1914]
599 _aWith eleven plates and 415 illustrations.
650 4 _aCurvas.
_9163425
650 7 _aArte y matemáticas
_2embne
_9159753
650 7 _aNaturaleza (Estética)
_2embne
_9137429
830 0 _aDover science books
_9225210
852 _aES-MaACL
_jL-30318
_z. - Donat. Miguel A. Velasco
999 _c185434
_d185434